000 01210nam0a22002891 4500
001 rc\455485
005 20030616171721.1
035 _a(NLR Aleph) 005700268
090 _a7269998
_c7269998
100 _a20030616d1987 u |0rusy50 ca
101 0 _arus
102 _aRU
105 _aa |||||||||
200 1 _aЭнергосберегающая технология сушки синтетических каучуков
_fГ.Т. Щербань, П.Н. Поярков, В.С. Шеин
210 _aМ.
_cЦНИИТЭнефтехим
_d1987
215 _a50, [2] с.
_cил.
_d20
225 1 _aСерия "Промышленность синтетического каучука"
_eТемат. обзор
_fЦНИИ информ. и техн.-экон. исслед. нефтеперераб. и нефтехим. пром-сти
300 _aНа обл. авт. не указаны
320 _aБиблиогр.: с. 48-51 (63 назв.)
700 1 _aЩербань
_bГ. Т.
701 1 _aПоярков
_bП. Н.
701 1 _aШеин
_bВ. С.
_gВладимир Сергеевич
801 0 _aRU
_bNLR
_gpsbo
801 1 _aRU
_bELAR
_2rusmarc
852 _aNLR
_j87-4/983
942 _cBOOK
980 _aNB